<?xml version="1.0" encoding="UTF-8"?>
<record
    xmlns:xsi="http://www.w3.org/2001/XMLSchema-instance"
    xsi:schemaLocation="http://www.loc.gov/MARC21/slim http://www.loc.gov/standards/marcxml/schema/MARC21slim.xsd"
    xmlns="http://www.loc.gov/MARC21/slim">

  <leader>00396pam a2200169 a 4500</leader>
  <datafield tag="020" ind1=" " ind2=" ">
    <subfield code="c">xiii hard bond</subfield>
  </datafield>
  <datafield tag="041" ind1=" " ind2=" ">
    <subfield code="a">eng</subfield>
  </datafield>
  <datafield tag="082" ind1=" " ind2=" ">
    <subfield code="a">621.391 6</subfield>
    <subfield code="b">PAR</subfield>
  </datafield>
  <datafield tag="100" ind1=" " ind2=" ">
    <subfield code="a">PARKER SYBILL</subfield>
  </datafield>
  <datafield tag="245" ind1=" " ind2=" ">
    <subfield code="a">ELECTRONICS and COMPUTERS</subfield>
    <subfield code="h">Textual Documents</subfield>
  </datafield>
  <datafield tag="250" ind1=" " ind2=" ">
    <subfield code="a">01-01-1988</subfield>
  </datafield>
  <datafield tag="260" ind1=" " ind2=" ">
    <subfield code="b">MC GRAW HILL</subfield>
  </datafield>
  <datafield tag="300" ind1=" " ind2=" ">
    <subfield code="a">1047</subfield>
  </datafield>
  <datafield tag="500" ind1=" " ind2=" ">
    <subfield code="a">882</subfield>
  </datafield>
  <datafield tag="653" ind1=" " ind2=" ">
    <subfield code="a">DIGITAL DESIG and COMP. ORG.(T.E.)</subfield>
  </datafield>
  <datafield tag="930" ind1=" " ind2=" ">
    <subfield code="a">705</subfield>
  </datafield>
  <datafield tag="999" ind1=" " ind2=" ">
    <subfield code="c">43935</subfield>
    <subfield code="d">43935</subfield>
  </datafield>
  <datafield tag="952" ind1=" " ind2=" ">
    <subfield code="0">0</subfield>
    <subfield code="1">0</subfield>
    <subfield code="4">0</subfield>
    <subfield code="7">0</subfield>
    <subfield code="8">EWP</subfield>
    <subfield code="a">EWP</subfield>
    <subfield code="b">EWP</subfield>
    <subfield code="c">B-REF_6</subfield>
    <subfield code="d">2002-02-04</subfield>
    <subfield code="e">THE BOOK SHOPPE</subfield>
    <subfield code="g">4579.80</subfield>
    <subfield code="l">0</subfield>
    <subfield code="o">621.391 6 PAR</subfield>
    <subfield code="p">EWP-753</subfield>
    <subfield code="r">2023-02-24 00:00:00</subfield>
    <subfield code="t">1</subfield>
    <subfield code="w">2023-02-24</subfield>
    <subfield code="y">BK</subfield>
  </datafield>
</record>
